Corpus basilicarum christianarum Romae / 4

Saved in:  
Bibliographic Details
Format: Print Book
Language:Latin
Italian
English
Subito Delivery Service: Order now.
Check availability: HBZ Gateway
WorldCat: WorldCat
Interlibrary Loan:Interlibrary Loan for the Fachinformationsdienste (Specialized Information Services in Germany)
Published: Città del Vaticano Pont. Ist. di Archaeol. Cristiana 1970
In: Corpus basilicarum christianarum Romae (IV - IX sec.) = Le basiliche paleocristiane di Roma = The early Christian basilicas of Rome : (IV - IX cent.)
Year: 1970
Series/Journal:Monumenti di antichità cristiana / 2 2
Further subjects:B Vatican Palace
B Christian Archaeology

MARC

LEADER 00000cam a2200000 cc4500
001 109244971X
003 DE-627
005 20240429190003.0
007 tu
008 901203s1970 xx ||||| 00| ||lat c
035 |a (DE-627)109244971X 
035 |a (DE-576)02244971X 
035 |a (DE-599)BSZ02244971X 
035 |a (OCoLC)311361711 
035 |a (OCoLC)311361711 
040 |a DE-627  |b ger  |c DE-627  |e rakwb 
041 |a lat  |a ita  |a eng 
084 |a 9,10  |a 1  |2 ssgn 
245 0 0 |a Corpus basilicarum christianarum Romae  |n 4  |c Richard Krautheimer; Spencer Corbett; Wolfgang Frankl 
264 1 |a Città del Vaticano  |b Pont. Ist. di Archaeol. Cristiana  |c 1970 
300 |a IX, 338 S., 19 Pl.  |b zahlr. Ill., Kt., graph. Darst. 
336 |a Text  |b txt  |2 rdacontent 
337 |a ohne Hilfsmittel zu benutzen  |b n  |2 rdamedia 
338 |a Band  |b nc  |2 rdacarrier 
490 1 |a Monumenti di antichità cristiana  |a Serie 2  |v 2 
583 1 |a Archivierung/Langzeitarchivierung gewährleistet  |f SSG  |x XA-DE-BW  |2 pdager  |5 DE-21 
583 1 |a Archivierung/Langzeitarchivierung gewährleistet  |f SSG  |x XA-DE-BW  |2 pdager  |5 DE-16 
650 0 7 |0 (DE-588)4127325-4  |0 (DE-627)10423394X  |0 (DE-576)209592680  |a Christliche Archäologie  |2 gnd 
651 7 |0 (DE-588)4050471-2  |0 (DE-627)106181963  |0 (DE-576)20908751X  |a Rom  |2 gnd 
773 1 8 |a Corpus basilicarum christianarum Romae (IV - IX sec.) = Le basiliche paleocristiane di Roma = The early Christian basilicas of Rome : (IV - IX cent.)  |w (DE-627)1077192495  |w (DE-576)007192495  |g 4  |q 4  |7 nnam 
830 0 |a Monumenti di antichità cristiana / 2  |v 2  |9 2,4  |w (DE-627)12999166X  |w (DE-576)004711092  |w (DE-600)415052-1  |7 am 
935 |a mteo 
951 |a MV 
ELC |b 1 
ITA |a 1  |t 1 
LOK |0 000 xxxxxcx a22 zn 4500 
LOK |0 001 2155333021 
LOK |0 003 DE-627 
LOK |0 004 109244971X 
LOK |0 005 20091116152309 
LOK |0 008 970613||||||||||||||||ger||||||| 
LOK |0 040   |a DE-21  |c DE-627  |d DE-21 
LOK |0 852   |a DE-21 
LOK |0 852 1  |c Da 197.2;2-2,4  |9 00 
LOK |0 935   |a theo  |a sepp 
LOK |0 939   |a 13-06-97  |b l01 
LOK |0 000 xxxxxcx a22 zn 4500 
LOK |0 001 2155333048 
LOK |0 003 DE-627 
LOK |0 004 109244971X 
LOK |0 005 20100408042518 
LOK |0 008 970630||||||||||||||||ger||||||| 
LOK |0 040   |a DE-21-31  |c DE-627  |d DE-21-31 
LOK |0 541   |e 61496 
LOK |0 852   |a DE-21-31 
LOK |0 852 1  |c Hm III 60-4  |m p  |9 00 
LOK |0 938   |k p 
LOK |0 939   |a 30-06-97  |b l01 
LOK |0 000 xxxxxcx a22 zn 4500 
LOK |0 001 2725320240 
LOK |0 003 DE-627 
LOK |0 004 109244971X 
LOK |0 005 20121015112041 
LOK |0 008 121015||||||||||||||||ger||||||| 
LOK |0 040   |a DE-21-22  |c DE-627  |d DE-21-22 
LOK |0 541   |e 70/646 
LOK |0 852   |a DE-21-22 
LOK |0 852 1  |c T Rom 1 / 93-4  |m p  |9 00 
LOK |0 935   |a k022 
LOK |0 938   |k p 
LOK |0 939   |a 15-10-12  |b l01 
ORI |a SA-MARC-ixtheoa001.raw 
STA 0 0 |a Christian Archaeology,Vatican Palace,Rome,Rome,Capella Redemptoris Mater 
STB 0 0 |a Archéologie chrétienne,Rome 
STC 0 0 |a Arqueología cristiana,Roma 
STD 0 0 |a Archeologia cristiana,Roma 
STE 0 0 |a 基督教考古学,罗马 
STF 0 0 |a 基督教考古學,羅馬 
STG 0 0 |a Arqueologia cristã,Roma 
STH 0 0 |a Ром (мотив),Христианская археология 
STI 0 0 |a Ρώμη (μοτίβο),Χριστιανική αρχαιολογία 
SYE 0 0 |a Archäologie,Frühchristliche Archäologie 
SYF 0 0 |a Roma,Città di Roma,Comune di Roma,Rim,Rym,Luoma,Senatus Populusque Romanus,SPQR,Roma Capitale,Rzym,Rome,Roma,Řím,Città di Roma,Comune di Roma